000 nam a22 7a 4500
999 _c331028
_d331028
003 NUST
005 20170829113229.0
008 170829b xxu||||| |||| 00| 0 eng d
020 _a9780170129787
040 _cNUST
082 _a201
100 _aPelling,Nadine, Bowers,Randolph & Armstrong, Philp
_94425
245 _aThe practice of counselling
260 _aAustralia
_bTHOMSON
_c2007
300 _a522 P,
942 _2ddc
_cBK